000 01126nam a22003017i 4500
003 EG-GICUC
005 20260401135551.0
008 260401s1938 fr ||||fr|||| 000 0 fre d
040 _aEG-GiCUC
_bfre
_cEG-GiCUC
_dEG-GiCUC
_eRda
041 _afre
_hfre
082 0 4 _221
_a338.9
_bBO . D
092 0 4 _221
099 _aLaw 13 338.9 BO . D 1938
100 1 _aBouglé, Célestin
_eAuteur
245 1 2 _aDeuxième mémoire sur la propriété :
_b Avertissement aux propriétaires ; Programme révolutionnaire : Impôt sur le revenu, le droit au travail et le droit de propriété /
_cPar MM. C. Bouglé.
264 1 _aParis;
_bMarcel Rivière,
_c1938.
300 _a476 page :
_billustration ;
_c 24 cm.
336 _2rda contenu
_a texte
337 _2rda medias
_aOrdinateur
338 _2 transporteur rda
_a Ressource en ligne
504 _aBibliography: pages 200-250. 240-220
546 _aTexte en français
650 1 _aFinances publiques et législation fiscale
_2qrmak
651 1 _2qrmak
856 4 0 _uhttps://fll.law.cu.edu.eg/fulltext/bks/B13-01082.pdf
905 _a31
942 _2ddc
_cBK
_e21
_n0
999 _c68106
_d68106